000 00584nam a2200229Ia 4500
003 OSt
005 20221005122150.0
006 a|||||r|||| 00| 0
007 ta
008 221004b |||||||| |||| 00| 0 eng d
024 _a22250
037 _cTextual
040 _aCRL
_cCRL
_beng
041 _2eng
_aeng
082 _aD65,8(B28), L0
100 _aPrice WilsonT.
_9631573
245 0 _aIntroduction to computer data pricessing
260 _c1970
650 _aENGINEERING
942 _hD65,8(B28), L0
_cTEXL
_2cc
999 _c1043468
_d1043468